000 00592nam a2200229Ia 4500
001 dia_3015
003 CHAP
005 20230310111238.0
008 220117s1989 xx 000 0 und d
010 _a173520
040 _cCHAP
082 _a671.52 P4Y 1986
100 _aPender, James A
_986665
245 _aSoldadura /
_c por James A. Pender
260 _aMéxico, Mcgraw-Hill
_c1989
300 _a308P
650 _aSoldadura
_9108387
901 _a671.52 P4Y 1986
902 _aM
905 _a0000001989 MEXX 0000000000ESP00
942 _cLIBRO
_2ddc
999 _c173520
_d173520